000
00341nam a2200121 4500
008
0 1989 0a 000 0Usa
020
_a
88-33846
082
_a
537 B125a
100
_a
Balanis, Constantine A.
245
_a
Advanced Engineering Electromagnetics / Constantine A.,Balanis
260
_a
Usa : Wiley
300
_a
981p. / 26cm
999
_c
21398
_d
21398